00796nam a2200229 i 4500001000400000100002000004245005800024250001900082260006700101300004100168500004900209505004500258600003400303650003800337655001600375655001200391020000800403040000800411041000800419008004100427856009800468bgj1 aMORRIS, Wright.10aA cloak of light :bwriting my life /cWright Morris. aSignet 1st ed. a[Philadelphia] :bThe Franklin Library Franklin Center,c1985. a[10], 306 pp, [9] l. phot. ;c25 cm. aLimited ed. personally signed by the author. aIncl. a special message from the author.19aMorris Wright (1910-, writer) 9aNovelists, Americany20th century aBiographies aMemoirs ahbk cBPK0 aeng s uk f |000 0 eng  uhttp://koha.tu.koszalin.pl/cgi-bin/koha/opac-detail.pl?biblionumber=41374yKatalog online BPK